书目信息 |
| 题名: |
神经内外科专家聊健康热点
|
|
| 作者: | 汪昕 , 毛颖 主编 | |
| 分册: | ||
| 出版信息: | 上海 上海科学技术文献出版社 2024.07 |
|
| 页数: | 315页 | |
| 开本: | 24cm | |
| 丛书名: | 医学专家聊健康热点 (复旦大健康科普) 丛书 | |
| 单 册: | ||
| 中图分类: | R741 , R651 | |
| 科图分类: | ||
| 主题词: | 神经系统疾病--shen jing xi tong ji bing--防治 , 神经外科学--shen jing wai ke xue--疾病--防治 | |
| 电子资源: | ||
| ISBN: | 978-7-5439-9048-7 | |
| 000 | 01311nam 2200301 450 | |
| 001 | 92867 | |
| 005 | 20250818164436.57 | |
| 010 | @a978-7-5439-9048-7@dCNY80.00 | |
| 100 | @a20240914d2024 em y0chiy50 ea | |
| 101 | 0 | @achi |
| 102 | @aCN@b310000 | |
| 105 | @aa z 000yy | |
| 106 | @ar | |
| 200 | 1 | @a神经内外科专家聊健康热点@Ashen jing nei wai ke zhuan jia liao jian kang re dian@f汪昕, 毛颖主编 |
| 210 | @a上海@c上海科学技术文献出版社@d2024.07 | |
| 215 | @a315页@c彩图@d24cm | |
| 225 | 2 | @a医学专家聊健康热点 (复旦大健康科普) 丛书@Ayi xue zhuan jia liao jian kang re dian (fu dan da jian kang ke pu) cong shu |
| 300 | @a国家出版基金项目 全彩印刷 | |
| 330 | @a本书按照神经内外科疾病和常见症状进行了分类, 共分9章, 介绍了脑卒中、癫痫、脑肿瘤、脑外伤, 以及脊髓、周围神经疾病的临床表现、治疗方案、日常生活注意事项等。书中所涉的疾病均是神经内外科临床常见疾病, 所介绍的预防方式、早期规范诊疗、良好的生活习惯都是疾病防治的根本。 | |
| 410 | 0 | @12001 @a医学专家聊健康热点 (复旦大健康科普) 丛书 |
| 606 | 0 | @a神经系统疾病@Ashen jing xi tong ji bing@x防治 |
| 606 | 0 | @a神经外科学@Ashen jing wai ke xue@x疾病@x防治 |
| 690 | @aR741@v5 | |
| 690 | @aR651@v5 | |
| 701 | 0 | @a汪昕@Awang xin@4主编 |
| 701 | 0 | @a毛颖@Amao ying@4主编 |
| 801 | 0 | @aCN@c20250909 |
| 905 | @a河南城建学院图书馆@dR741@eW085@f1 | |
| 神经内外科专家聊健康热点/汪昕, 毛颖主编.-上海:上海科学技术文献出版社,2024.07 |
| 315页:彩图;24cm.-(医学专家聊健康热点 (复旦大健康科普) 丛书) |
| 国家出版基金项目 全彩印刷 |
| ISBN 978-7-5439-9048-7:CNY80.00 |
| 本书按照神经内外科疾病和常见症状进行了分类, 共分9章, 介绍了脑卒中、癫痫、脑肿瘤、脑外伤, 以及脊髓、周围神经疾病的临床表现、治疗方案、日常生活注意事项等。书中所涉的疾病均是神经内外科临床常见疾病, 所介绍的预防方式、早期规范诊疗、良好的生活习惯都是疾病防治的根本。 |
| ● |
| 相关链接 |
|
|
|
正题名:神经内外科专家聊健康热点
索取号:R741/W085
 
预约/预借
| 序号 | 登录号 | 条形码 | 馆藏地/架位号 | 状态 | 备注 |
| 1 | 1626825 | 216268250 | 自科库401/ [索取号:R741/W085] | 在馆 |